| 000 | 01887cam a22005294a 4500 | ||
|---|---|---|---|
| 001 | muse84702 | ||
| 003 | MdBmJHUP | ||
| 005 | 20210127151542.0 | ||
| 006 | m o d | ||
| 007 | cr||||||||nn|n | ||
| 008 | 880812s1986 mx o 00 0 spa d | ||
| 010 | _z 88172987 | ||
| 020 | _a9786076289662 | ||
| 020 | _z9681203305 | ||
| 020 | _z9789681203306 | ||
| 035 | _a(OCoLC)1151186805 | ||
| 040 |
_aMdBmJHUP _cMdBmJHUP |
||
| 043 |
_an-mx--- _an-us--- |
||
| 050 | 0 | 4 |
_aF1234 _b.U44 1986 |
| 082 | 0 |
_a972/.62 _219 |
|
| 100 | 1 | _aUlloa, Berta. | |
| 245 | 1 | 0 |
_aVeracruz, capital de la nación _b(1914-1915) / _cBerta Ulloa con la colaboración de María Larrazolo y Abel Juárez. |
| 250 | _a1a ed. | ||
| 264 | 1 | _bGobierno del Estado de Veracruz, | |
| 264 | 3 | _bProject MUSE, | |
| 300 |
_a1 online resource (189 p.) : _bill. ; |
||
| 500 | _aIncludes index. | ||
| 504 | _aBibliography: p. 165-178. | ||
| 506 | 0 |
_aOpen Access _fUnrestricted online access _2star |
|
| 588 | _aDescription based on print version record. | ||
| 651 | 0 |
_aVeracruz-Llave (Mexico : State) _xPolitics and government. |
|
| 651 | 0 |
_aVeracruz (Veracruz-Llave, Mexico) _xHistory _yAmerican occupation, 1914. |
|
| 651 | 0 |
_aMexico _xPolitics and government _y1910-1946. |
|
| 600 | 1 | 1 |
_aCarranza, Venustiano, _d1859-1920. |
| 655 | 7 |
_aElectronic books. _2local |
|
| 700 | 1 | _aJuárez, Abel. | |
| 700 | 1 | _aLarrazolo, María. | |
| 710 | 2 | _aVeracruz-Llave (Mexico : State) | |
| 710 | 2 |
_aColegio de Mexico. _bCentro de Estudios Históricos. |
|
| 710 | 2 |
_aProject Muse. _edistributor |
|
| 830 | 0 | _aBook collections on Project MUSE. | |
| 856 | 4 | 0 |
_zFull text available: _uhttps://muse.jhu.edu/book/74367/ |
| 999 |
_c26180 _d26180 |
||